Online
Catalog

Conociendo la educación abierta y a distancia / (Record no. 25225)

MARC details
000 -CABECERA
campo de control de longitud fija 01151nam a2200301 a 4500
001 - NÚMERO DE CONTROL
campo de control 000025733
005 - FECHA Y HORA DE LA ÚLTIMA TRANSACCIÓN
campo de control 20240510195229.0
008 - DATOS DE LONGITUD FIJA--INFORMACIÓN GENERAL
campo de control de longitud fija 110221s1999 ck r 000 0 spa d
020 ## - NÚMERO INTERNACIONAL ESTÁNDAR DEL LIBRO
Número Internacional Estándar del Libro 9586831078
040 ## - FUENTE DE LA CATALOGACIÓN
Centro catalogador/agencia de origen DO-SdBNP
Lengua de catalogación spa
Centro/agencia transcriptor BNPHU
041 17 - CÓDIGO DE LENGUA
Código de lengua del texto/banda sonora o título independiente spa
Código de lengua original eng
Fuente del código Código de idiomas MARC
082 ## - NÚMERO DE LA CLASIFICACIÓN DECIMAL DEWEY
Número de clasificación 374.4
Número de documento/Ítem R884c
049 ## - FONDOS LOCALES (OCLC)
Fondos de biblioteca BNGR
100 1# - ENTRADA PRINCIPAL--NOMBRE DE PERSONA
Nombre de persona Rowntree, Derek.
9 (RLIN) 52522
240 10 - TÍTULO UNIFORME
Título uniforme Exploring open and distance learning.
Lenguaje de la obra Español
245 10 - MENCIÓN DE TÍTULO
Título Conociendo la educación abierta y a distancia /
Mención de responsabilidad, etc. Derek Rowntree ; traducción de María Isabel Llano Ferro y Juana Llano Ferro.
260 ## - PUBLICACIÓN, DISTRIBUCIÓN, ETC.
Lugar de publicación, distribución, etc. Santa Fe de Bogotá :
Nombre del editor, distribuidor, etc. Javeriano,
Fecha de publicación, distribución, etc. 1999.
300 ## - DESCRIPCIÓN FÍSICA
Extensión 415 p. ;
Dimensiones 24 cm.
490 1# - MENCIÓN DE SERIE
Mención de serie Serie de Educación Abierta y a Distancia Kogan Page
534 ## - NOTA SOBRE LA VERSIÓN ORIGINAL
Encabezamiento principal del original Título original :
Mención de título del original Exploring open and distance learning
504 ## - NOTA DE BIBLIOGRAFÍA, ETC.
Nota de bibliografía, etc. Bibliografía : [403]-415 p.
650 #4 - PUNTO DE ACCESO ADICIONAL DE MATERIA--TÉRMINO DE MATERIA
Término de materia o nombre geográfico como elemento de entrada Educación abierta
9 (RLIN) 50845
650 #0 - PUNTO DE ACCESO ADICIONAL DE MATERIA--TÉRMINO DE MATERIA
Término de materia o nombre geográfico como elemento de entrada Educación a distancia
9 (RLIN) 34220
650 #4 - PUNTO DE ACCESO ADICIONAL DE MATERIA--TÉRMINO DE MATERIA
Término de materia o nombre geográfico como elemento de entrada Aprendizaje
9 (RLIN) 812
700 1# - PUNTO DE ACCESO ADICIONAL--NOMBRE DE PERSONA
Nombre de persona Llano Ferro, María Isabel,
Término indicativo de función/relación tr.
9 (RLIN) 52523
700 1# - PUNTO DE ACCESO ADICIONAL--NOMBRE DE PERSONA
Nombre de persona Llano Ferro, Juana,
Término indicativo de función/relación tr.
9 (RLIN) 52524
830 #0 - PUNTO DE ACCESO ADICIONAL DE SERIE-TÍTULO UNIFORME
Título uniforme Serie de Educación Abierta y a Distancia Kogan Page
9 (RLIN) 52525
Holdings
Estado de retiro Estado de pérdida Restricciones de uso No para préstamo Código de colección Localización permanente Ubicación/localización actual Ubicación en estantería Fecha de adquisición Número de inventario Total de préstamos Signatura topográfica completa Código de barras Fecha visto por última vez Precio válido a partir de Tipo de ítem Koha
        Monografías: Libros y Folletos General General En catalogación 21.02.2011 LF1   374.4 R884c 25733-10 25.06.2020 25.06.2020 Préstamo en sala

Powered by Koha